000 01920nam a2200253 a 4500
001 ASIN0415494842
005 20170105102927.0
008 131212s2010 xxu eng d
020 _a0415494842 (hardcover)
_c$160.00
020 _a9780415494847 (hardcover)
040 _a0
050 0 4 _aJZ5675
082 0 4 _a327.1747
_bGLO 2010
245 0 4 _aThe global politics of combating nuclear terrorism :
_ba supply-side approach /
_cWilliam C. Potter, Cristina Hansell.
260 _a[S.l.] :
_bRoutledge,
_c2010.
300 _a200 p. ;
_c25 cm.
520 _aThe most difficult challenge for a terrorist organization seeking to build a nuclear weapon or improvised nuclear device is obtaining fissile material, either plutonium or highly enriched uranium (HEU). Experts acknowledge that obtaining HEU, uranium that has been processed to increase the proportion of the U-235 isotope to over 20%, is the most difficult challenge facing a state or non-state actor seeking to build a nuclear explosive. The large stocks of HEU in civilian use, many not adequately protected, are thus one of the greatest security risks facing the global community at present. This book contains chapters examining the various uses for this material and possible alternatives; the threat posed by this material; the economic, political and strategic obstacles to international efforts to end the use of HEU for commercial and research purposes; as well as new national and international measures that should be taken to further the elimination of HEU. This book was published as a special issue of The Nonproliferation Review .
650 0 _aNuclear disarmament--International cooperation
650 0 _aNuclear nonproliferation--International cooperation
700 1 _aHansell, Cristina.
700 1 _aPotter, William C.
856 4 0 _3Amazon.com
_uhttp://www.amazon.com/exec/obidos/ASIN/0415494842/chopaconline-20
942 _2ddc
_cBK
999 _c15882
_d15882